LEADER 01623nam0-2200337---450 001 9910843201003321 005 20240408135601.0 012 $ai-ue isro t.us (1ri (3) 1738 (R)$2fei$5IT-NA0852: S I 24 100 $a20240408d1738----km-y0itay50------ba 101 0 $alat 102 $aIT 140 $aa-----------------bb0------- 200 1 $aNeapolitanĉ Scientiarum Academiĉ De Vesuvii conflagratione quĉ mense majo anno MDCCXXXVII accidit commentarius 210 $aNeapoli$ctypis Novelli De Bonis Typograph. Archiep.$d1738 215 $a[8], 118, [2] p., [2] c. di tav. calc. rip.$cill.$d4° 300 $aIniziali e fregi xilogr. 307 $aSegn.: *? A-P?. - Ultima carta bianca 314 $aPer il nome dell'A., Francesco Serao, cfr. Melzi, G. Anonime e pseudonime, t. 1, p. 3 316 $aNota ms a matita "(auctore Franc. Serao)" sul front.$5IT-NA0852: S I 24 317 $aNota a inchiostro del marchese de Sterlich "Ex Francesco march.s de Sterlich" sul front.$5IT-NA0852: S I 24 620 $aItalia.$dNapoli 700 1$aSerao,$bFrancesco$f<1702-1783>$071713 719 00$aDe Bonis,$gNovello$d<2.>$4650 801 0$aIT$bUNINA$gREICAT$2UNIMARC 856 4 $zVisualizza la versione elettronica in SBNWeb$uhttps://books.google.it/books?id=H5s5puNCiesC&printsec=frontcover&hl=it&source=gbs_ge_summary_r&cad=0#v=onepage&q&f=false$e20240408 901 $aAQ 912 $a9910843201003321 952 $aS I 24$b26346$fNAP14 959 $aNAP14 996 $aNeapolitanĉ Scientiarum Academiĉ De Vesuvii conflagratione quĉ mense majo anno MDCCXXXVII accidit commentarius$94149672 997 $aUNINA LEADER 01155nam0 22003011i 450 001 UON00090786 005 20231205102509.240 100 $a20020107d1976 |0itac50 ba 101 $amul 102 $aBE 105 $a|||| ||||| 200 1 $aOpera$fSancti Iuliani Toletanae sedis 205 $aTurnholti : Typographi Brepols Editores Pontifici$b1976 210 $a v.$a24 cm 215 $aPoss. parte prima 410 1$1001UON00087470$12001 $aCorpus Christianorum. Series Latina$v115 606 $aLETTERATURA LATINA$xGIULIANO DI TOLEDO$3UONC027591$2FI 620 $aBE$dTurnhout$3UONL001236 676 $a189$cFILOSOFIA MEDIEVALE$v21 686 $aT2$cTESTI E COMMENTI LATINI$2A 700 0$aIULIANUS : TOLETANUS$cSanto$3UONV058160$0187473 712 $aTypographi Brepols Ed.Pont.$3UONV259693$4650 801 $aIT$bSOL$c20250207$gRICA 899 $aSIBA - SISTEMA BIBLIOTECARIO DI ATENEO$2UONSI 912 $aUON00090786 950 $aSIBA - SISTEMA BIBLIOTECARIO DI ATENEO$dSI T 2 CC SL 0115 $eSI MC 2210 5 996 $aOpera$91304473 997 $aUNIOR